000 004540000a22001810004500
003 MACL
005 20150707124719.0
008 150707b xxu||||| |||| 00| 0 eng d
040 _aMACL
_cMACL
041 _aEnglish
082 _a307/ABE
100 _aAbel, Evelyn
_91068
245 _aThe Anglo-Indian Community
_bSurvival in India
260 _bChanakya publications
_c1988
_aDelhi
350 _a140
650 _aSociology
_919
942 _cBK
_k307
_2ddc
999 _c6361
_d6361